Từ điển địa chất Anh - Việt

Uloženo v:
Podrobná bibliografie
Hlavní autor: Vũ, Khúc
Médium: Kniha
Jazyk:Undetermined
Vydáno: Hà Nội Khoa học kỹ thuật 2005
Témata:
Tagy: Přidat tag
Žádné tagy, Buďte první, kdo otaguje tento záznam!
Thư viện lưu trữ: Trung tâm Học liệu Trường Đại học Cần Thơ
LEADER 00566nam a2200205Ia 4500
001 CTU_96121
008 210402s9999 xx 000 0 und d
020 |c 85000 
082 |a 551.03 
082 |b Kh506 
100 |a Vũ, Khúc 
245 0 |a Từ điển địa chất Anh - Việt 
245 0 |c Vũ Khúc 
260 |a Hà Nội 
260 |b Khoa học kỹ thuật 
260 |c 2005 
650 |a Geology,English language 
650 |x Terminology,Vietnamese 
904 |i Năm 
980 |a Trung tâm Học liệu Trường Đại học Cần Thơ